Steel Type Pokemon Abilities - Statistics

General Stats
  • This quiz has been taken 51 times
    3 since last reset
  • The average score is 71 of 80
Answer Stats
Gen Ability % Correct
6 Adaptability
100%
5 Analytic
100%
8 Battle Armor
100%
7 Beast Boost
100%
3 Clear Body
100%
9 Competitive
100%
8 Dauntless Shield
100%
5 Defiant
100%
5 Download
100%
6 Filter
100%
5 Flame Body
100%
4 Flash Fire
100%
7 Full Metal Body
100%
9 Good as Gold
100%
8 Gooey
100%
4 Heatproof
100%
5 Heavy Metal
100%
5 Hustle
100%
3 Hyper Cutter
100%
4 Inner Focus
100%
3 Intimidate
100%
8 Intrepid Sword
100%
5 Iron Barbs
100%
7 Iron Fist
100%
5 Justified
100%
4 Levitate
100%
5 Light Metal
100%
6 Magician
100%
3 Magnet Pull
100%
5 Mold Breaker
100%
4 Multitype
100%
6 No Guard
100%
5 Overcoat
100%
9 Own Tempo
100%
9 Pickpocket
100%
8 Pickup
100%
9 Piercing Drill
100%
6 Prankster
100%
4 Pressure
100%
7 Prism Armor
100%
9 Quark Drive
100%
7 RKS System
100%
3 Rock Head
100%
5 Sand Force
100%
5 Sand Rush
100%
7 Sand Veil
100%
8 Sap Sipper
100%
5 Sheer Force
100%
5 Shell Armor
100%
7 Slush Rush
100%
7 Soul-Heart
100%
8 Stalwart
100%
9 Stamina
100%
6 Stance Change
100%
4 Steadfast
100%
3 Sturdy
100%
3 Swarm
100%
7 Tangling Hair
100%
4 Technician
100%
5 Telepathy
100%
4 Torrent
100%
6 Tough Claws
100%
8 Unnerve
100%
5 Weak Armor
100%
4 Anticipation
50%
9 Earth Eater
50%
6 Huge Power
50%
7 Lightning Rod
50%
8 Mimicry
50%
8 Mirror Armor
50%
3 Serene Grace
50%
9 Slow Start
50%
7 Snow Cloak
50%
5 Soundproof
50%
8 Steely Spirit
50%
9 Supreme Overlord
50%
5 Truant
50%
3 Keen Eye
0%
5 Minus
0%
5 Plus
0%
No matching quizzes found
Score Distribution
Percent of People with Each Score
Percentile by Number Answered
Your Score History
You have not taken this quiz since the last reset